Verduras, vegetais, legumes, hortaliças... - Statistics

Estatísticas Gerais
  • Esse quiz foi jogado 614 vezes
    613 desde o último reset
  • A pontuação média é 28 de 44
Estatísticas das Respostas
Letra Inicial Ingrediente % Correto
A ALFACE
97%
C CENOURA
93%
T TOMATE
89%
B BATATA
87%
C COUVE
87%
C CEBOLA
86%
B BETERRABA
80%
A ABÓBORA
78%
A ALHO
77%
P PEPINO
76%
E ESPINAFRE
75%
S SALSA
73%
C COUVE-FLOR
72%
R RÚCULA
71%
B BRÓCOLIS
70%
E ERVILHA
70%
M MANDIOCA
69%
P PIMENTÃO
68%
R REPOLHO
68%
F FEIJÃO
67%
B BERINJELA
66%
N NABO
66%
R RABANETE
66%
A ABOBRINHA
65%
M MILHO
65%
V VAGEM
65%
C CEBOLINHA
64%
Q QUIABO
64%
B BATATA-DOCE
62%
A AGRIÃO
61%
J JILÓ
60%
C CHUCHU
57%
A ACELGA
52%
I INHAME
52%
L LENTILHA
47%
A ALHO-PORÓ
45%
A ALCACHOFRA
42%
G GRÃO-DE-BICO
40%
C CHICÓRIA
38%
P PALMITO
38%
M MOSTARDA
36%
A ASPARGO
35%
M MORANGA
29%
M MAXIXE
27%
Nenhum quiz correspondente encontrado
Distribuição das Pontuações
Porcentagem de Pessoas com Cada Pontuação
Percentil de Números Respondidos
Sua Pontuação Histórica
Você não jogou esse quiz desde o último reset